| 000 | 00421nam a22001337a 4500 | ||
|---|---|---|---|
| 040 | _cNust | ||
| 082 |
_a512.2 _bMEI |
||
| 100 |
_aPaul H.E Meijer _9125130 |
||
| 110 |
_aEdmond Bauher _9125131 |
||
| 245 | _aGroup theory The application to Quantum mechanics | ||
| 260 |
_aAmsterdam: _bNorth Holland publishing Co\omapany, _c1965. |
||
| 650 |
_aGroup theory The application to Quantum mechanics _9125132 |
||
| 942 |
_2ddc _cBK |
||
| 999 |
_c610904 _d610904 |
||